| 000 | 00839nam a2200229 a 4500 | ||
|---|---|---|---|
| 001 | 000022395 | ||
| 005 | 20240412074250.0 | ||
| 008 | 091009s1999 dr r 000 p spa d | ||
| 040 |
_aDO-SdBNP _bspa _cBNPHU |
||
| 082 |
_aRD861.44 _bM671zH, 1999 |
||
| 100 | 1 |
_aMir, Pedro, _d1913-2000 _97245 |
|
| 245 | 1 | 0 |
_aHay un país en el mundo : _bpoema gris en varias ocasiones / _cPedro Mir ; editor Tomás Castro Burdiez. |
| 250 | _a10a ed. | ||
| 260 |
_aSanto Domingo : _bComisión Permanente de la Feria del Libro, _c1999. |
||
| 300 |
_a28 p. ; _c28 cm. |
||
| 590 | _aInventariado, 2018/BT | ||
| 600 | 0 |
_aMIR, PEDRO, _d1913-2000 _xCRÍTICA E INTERPRETACIÓN _919950 |
|
| 650 | 0 |
_aPoesía dominicana _966 |
|
| 650 | 0 |
_aLiteratura dominicana. _967 |
|
| 700 |
_aCastro, Tomás, _d1959- _eed. _924641 |
||
| 910 | _aValidado. Control de calidad. MMOLINA | ||
| 999 |
_c21893 _d21893 |
||